000 01091nam a22002897a 4500
005 20260410124425.0
008 260410b2026 ag ||||| |||| 00| 0 spa d
020 _aTI Sentencia 16/26 fecha 8/4/26
110 _aTribunal de Impugnación
_91
245 _a"ROMERO QUINTANA, GERMÁN IGNACIO S/ ABUSO SEXUAL CON ACCESO CARNAL" /
_cTribunal de Impugnación
300 _a73 p.
_bpdf
518 _a8/4/26
653 _aABUSO SEXUAL
653 _aACCESO CARNAL
653 _aDELITO CONTINUADO ART. 54 CP
653 _aCONVIVENCIA PREEXISTENTE CON VÍCTIMA MENOR
653 _aTESTIMONIO ÚNICO DE LA VÍCTIMA
653 _aCOHERENCIA INTERNA Y EXTERNA DEL RELATO
653 _aCORROBORACIÓN PERIFÉRICA
653 _aEXIMICIÓN EN COSTAS
700 1 _aPatricia Romina Lupica Cristo
_948
700 _aTrincheri, Walter Richard
_98
700 1 _aRepetto, Andrés
_910
_e(DISIDENCIA EN COSTAS)
774 _aLEG 281552/23
856 _uhttp://jurispenal.jusneuquen.gov.ar/cgi-bin/koha/opac-retrieve-file.pl?id=2d10c1112aeeb7c3bfaa8bc6181ba377
_ytexto completo
942 _2ddc
_cSEN
999 _c1268
_d1268